MARC details
| 000 -LEADER |
| fixed length control field |
02372cas a2200613 a 4500 |
| 001 - CONTROL NUMBER |
| control field |
11155277 |
| 003 - CONTROL NUMBER IDENTIFIER |
| control field |
OSt |
| 005 - DATE AND TIME OF LATEST TRANSACTION |
| control field |
20230605115816.0 |
| 008 - FIXED-LENGTH DATA ELEMENTS--GENERAL INFORMATION |
| fixed length control field |
751101c19559999ii qr p f0 a0eng |
| 016 7# - NATIONAL BIBLIOGRAPHIC AGENCY CONTROL NUMBER |
| Record control number |
41551-0 |
| Source |
DE-600 |
| 016 7# - NATIONAL BIBLIOGRAPHIC AGENCY CONTROL NUMBER |
| Record control number |
000266662 |
| Source |
IsJJNL |
| 016 7# - NATIONAL BIBLIOGRAPHIC AGENCY CONTROL NUMBER |
| Record control number |
010491347 |
| Source |
Uk |
| 022 0# - INTERNATIONAL STANDARD SERIAL NUMBER |
| International Standard Serial Number |
0447-9408 |
| ISSN-L |
0447-9408 |
| Source |
20 |
| 035 ## - SYSTEM CONTROL NUMBER |
| System control number |
(OCoLC)ocm01773645 |
| 040 ## - CATALOGING SOURCE |
| Original cataloging agency |
DLC |
| Language of cataloging |
eng |
| Transcribing agency |
MUL |
| Modifying agency |
COO |
| -- |
DLC |
| -- |
NST |
| -- |
CRL |
| -- |
DLC |
| -- |
OCLCQ |
| -- |
WAU |
| -- |
OCLCQ |
| -- |
OCLCA |
| -- |
OCLCF |
| -- |
DEBSZ |
| -- |
GILDS |
| -- |
OCLCA |
| -- |
OCLCQ |
| -- |
YUS |
| -- |
J9U |
| -- |
CUY |
| -- |
UKMGB |
| -- |
AU@ |
| -- |
DLC |
| 042 ## - AUTHENTICATION CODE |
| Authentication code |
pcc |
| 043 ## - GEOGRAPHIC AREA CODE |
| Geographic area code |
a-ii--- |
| 082 ## - DEWEY DECIMAL CLASSIFICATION NUMBER |
| Classification number |
328.309 |
| Item number |
JPI |
| 210 1# - ABBREVIATED TITLE |
| Abbreviated title |
J. Parliam. Inf. |
| 222 #0 - KEY TITLE |
| Key title |
Journal of Parliamentary Information |
| 245 04 - TITLE STATEMENT |
| Title |
The journal of parliamentary information. |
| 260 ## - PUBLICATION, DISTRIBUTION, ETC. (IMPRINT) |
| Place of publication, distribution, etc. |
New Delhi : |
| Name of publisher, distributor, etc. |
Lok Sabha Secretariat |
| 300 ## - PHYSICAL DESCRIPTION |
| Extent |
701p |
| Other physical details |
illustrations ; |
| Dimensions |
25-28 cm |
| 310 ## - CURRENT PUBLICATION FREQUENCY |
| Current publication frequency |
Quarterly, |
| Date of current publication frequency |
1970- |
| 321 ## - FORMER PUBLICATION FREQUENCY |
| Former publication frequency |
Semiannual, |
| Dates of former publication frequency |
1955-1962 |
| 321 ## - FORMER PUBLICATION FREQUENCY |
| Former publication frequency |
Annual, |
| Dates of former publication frequency |
July 1963-1966 |
| 321 ## - FORMER PUBLICATION FREQUENCY |
| Former publication frequency |
Semiannual, |
| Dates of former publication frequency |
1967-1969 |
| 336 ## - CONTENT TYPE |
| Content type term |
text |
| Content type code |
txt |
| Source |
rdacontent |
| 337 ## - MEDIA TYPE |
| Media type term |
unmediated |
| Media type code |
n |
| Source |
rdamedia |
| 338 ## - CARRIER TYPE |
| Carrier type term |
volume |
| Carrier type code |
nc |
| Source |
rdacarrier |
| 362 1# - DATES OF PUBLICATION AND/OR SEQUENTIAL DESIGNATION |
| Dates of publication and/or sequential designation |
Began with: Vol. 1 in Apr. 1955. |
| 440 ## - SERIES STATEMENT/ADDED ENTRY--TITLE |
| Number of part/section of a work |
4 |
| Volume/sequential designation |
lLI |
| 555 ## - CUMULATIVE INDEX/FINDING AIDS NOTE |
| Cumulative index/finding aids note |
Vol. 8, no. 2 (1962)-v. 16 (1970). 1 v. |
| 580 ## - LINKING ENTRY COMPLEXITY NOTE |
| Linking entry complexity note |
Issued also in Hindi: Saṃsadīya patrikā. |
| 588 ## - SOURCE OF DESCRIPTION NOTE |
| Source of description note |
Description based on: Vol. 5, no. 1 (Apr. 1959); title from cover. |
| 588 ## - SOURCE OF DESCRIPTION NOTE |
| Source of description note |
Latest issue consulted: Vol. 54, no. 4 (Dec. 2008). |
| 590 ## - LOCAL NOTE (RLIN) |
| Local note |
SERBIB/SERLOC merged record |
| 650 #0 - SUBJECT ADDED ENTRY--TOPICAL TERM |
| Topical term or geographic name as entry element |
Parliamentary practice |
| Geographic subdivision |
India |
| Form subdivision |
Periodicals. |
| 650 #0 - SUBJECT ADDED ENTRY--TOPICAL TERM |
| Topical term or geographic name as entry element |
Parliamentary practice |
| Form subdivision |
Periodicals. |
| 650 #7 - SUBJECT ADDED ENTRY--TOPICAL TERM |
| Topical term or geographic name as entry element |
Parliamentary practice. |
| Source of heading or term |
fast |
| Authority record control number |
(OCoLC)fst01053793 |
| 650 #7 - SUBJECT ADDED ENTRY--TOPICAL TERM |
| Topical term or geographic name as entry element |
Parliamentary practice |
| Form subdivision |
Periodicals |
| Source of heading or term |
nli |
| 650 #7 - SUBJECT ADDED ENTRY--TOPICAL TERM |
| Topical term or geographic name as entry element |
Parliamentary practice |
| Geographic subdivision |
India |
| Form subdivision |
Periodicals |
| Source of heading or term |
nli |
| 651 #7 - SUBJECT ADDED ENTRY--GEOGRAPHIC NAME |
| Geographic name |
India. |
| Source of heading or term |
fast |
| Authority record control number |
(OCoLC)fst01210276 |
| 655 #7 - INDEX TERM--GENRE/FORM |
| Genre/form data or focus term |
Periodicals. |
| Source of term |
fast |
| Authority record control number |
(OCoLC)fst01411641 |
| 655 #7 - INDEX TERM--GENRE/FORM |
| Genre/form data or focus term |
Periodicals. |
| Source of term |
lcgft |
| 710 1# - ADDED ENTRY--CORPORATE NAME |
| Corporate name or jurisdiction name as entry element |
India. |
| Subordinate unit |
Parliament. |
| -- |
Lok Sabha. |
| -- |
Secretariat. |
| 775 1# - OTHER EDITION ENTRY |
| Title |
Saṃsadīya patrikā |
| International Standard Serial Number |
0581-4715 |
| Record control number |
(DLC)sa 64003889 |
| -- |
(OCoLC)1921208 |
| 776 08 - ADDITIONAL PHYSICAL FORM ENTRY |
| Relationship information |
Online version: |
| Title |
Journal of parliamentary information |
| Record control number |
(OCoLC)561185771 |
| 776 08 - ADDITIONAL PHYSICAL FORM ENTRY |
| Relationship information |
Online version: |
| Title |
Journal of parliamentary information |
| Record control number |
(DLC) 2023337879 |
| -- |
(OCoLC)654906903 |
| 906 ## - LOCAL DATA ELEMENT F, LDF (RLIN) |
| a |
7 |
| b |
cbc |
| c |
serials |
| d |
u |
| e |
ncip |
| f |
20 |
| g |
n-oclcserc |
| 942 ## - ADDED ENTRY ELEMENTS (KOHA) |
| Source of classification or shelving scheme |
Dewey Decimal Classification |
| Koha item type |
Books |